Biotecnología : en los alimentos, la medicina, la agricultura, la química...¡y esto recién empieza! /

Cuando este libro apareció por primera vez, en 2005, el encuentro entre la industria y las ciencias biológicas era tan novedoso y tan reciente que el título mismo ("Bio… ¿qué?") se hacía eco del asombro ante ese acontecimiento. Pero en tan sólo una década, la biotecnología avanzó a pasos d...

Descripción completa

Guardado en:
Autor Principal: Diaz, Alberto, 2014.
Formato: Libro
Idioma:Undetermined
Publicado: 1era ed : Siglo XXI, 2014.
Edición:1era ed.
Series:Colección ciencia que ladra...
Materias:
Etiquetas: Agregar Etiqueta
Sin Etiquetas, Sea el primero en etiquetar este registro!
LEADER 02136nam a22002055a 4500
001 CEM.cems025182
008 260515s2014####xx############000#0#und#d
005 20260519090437.0
245 1 0 |a Biotecnología :  |b en los alimentos, la medicina, la agricultura, la química...¡y esto recién empieza! /  |c Alberto Diaz. 
250 |a 1era ed. 
260 |a 1era ed :  |b Siglo XXI,  |c 2014. 
300 |a 176 p. ;  |c 20 cm. 
490 1 |a Colección ciencia que ladra... 
520 |a Cuando este libro apareció por primera vez, en 2005, el encuentro entre la industria y las ciencias biológicas era tan novedoso y tan reciente que el título mismo ("Bio… ¿qué?") se hacía eco del asombro ante ese acontecimiento. Pero en tan sólo una década, la biotecnología avanzó a pasos de gigante (y de bacteria, y de virus), y transformó los sectores productivos y económicos en todo el mundo generando una nueva revolución industrial. En esta versión recargada, Alberto Díaz, un pionero en las investigaciones biotecnológicas, nos ayuda a entender qué es eso de introducir información genética en células animales o vegetales para crear nuevos compuestos químicos, alimentos o combustibles, nos explica las limitaciones y los riesgos que presentan sus aplicaciones, las repercusiones éticas y sociales de esta práctica, y nos alerta sobre la importancia de un desarrollo bioindustrial sustentable. Desde los primeros productos fabricados en los años ochenta con las nuevas tecnologías de ADN hasta la actualidad, son innumerables los desarrollos que ingresaron en el mercado y muchas más las promesas en curso. Hoy existe la biología sintética, la bioinformática y hasta la bioeconomía, y pasamos del proyecto genoma humano y la genómica a una biblioteca de "ómicas" (proteómica, metabolómica y siguen los ommm). Esta nueva edición recoge lo clásico y anuncia la avalancha de novedades de un mundo cada vez más bío y más tecno. 
020 |a 9789876294355 
100 1 |a Diaz, Alberto,  |d 2014. 
653 |a Bioteconología 
653 |a Medicina 
653 |a Química 
859 |a CEMS  |b BIB. CEMS - Agricultura  |h 664  |i D543  |p A4163.26  |t Ej.1